A zöld apostol
Elmentve itt :
| Szerző: | |
|---|---|
| Dokumentumtípus: | Cikk |
| Megjelent: |
1983-08-20
|
| Sorozat: | Délmagyarország
73 No. 197 |
| Kulcsszavak: | Korsós Lajos |
| Online Access: | http://dmarchiv.bibl.u-szeged.hu/96211 |
| LEADER | 00438nab a2200157 i 4500 | ||
|---|---|---|---|
| 001 | delm96211 | ||
| 005 | 20190626105458.0 | ||
| 008 | 190626s1983 hu o 0|| hun d | ||
| 040 | |a SZTE Délmagyarország Archívum |b hun | ||
| 041 | |a hun | ||
| 100 | 1 | |a Igriczi Zsigmond | |
| 245 | 1 | 2 | |a A zöld apostol |h [elektronikus dokumentum] / |c Igriczi Zsigmond |
| 260 | |c 1983-08-20 | ||
| 300 | |a 6 | ||
| 490 | 0 | |a Délmagyarország |v 73 No. 197 | |
| 695 | |a Korsós Lajos | ||